| 000 | 01593nam a2200325 a 4500 | ||
|---|---|---|---|
| 001 | BRCA_3123 | ||
| 005 | 20190320204125.0 | ||
| 008 | 290109s1858----fr-a---###---#000-0#fre-u | ||
| 041 | _afre | ||
| 044 | _afr | ||
| 084 |
_a429 _b.M35 _c1858 |
||
| 100 | 1 |
_aCervantes Saavedra, Miguel de _d1547-1616 _9213 |
|
| 245 | 1 | 0 |
_aL´Ingénieux Chevalier Don Quichotte de la Manche _cpar Miguel de Cervantes Saavedra. |
| 260 |
_aTours (Francia) _bMame _c1858 |
||
| 300 |
_aviii, 552 p. _bil. _c25 cm. |
||
| 500 | _aContenido : Primera parte. Aviso del traductor. Texto. Segunda parte. Texto | ||
| 500 | _aEdición : Traduction nouvelle. Illustré par Granville | ||
| 500 | _aReproducción de la edición publicada por los mismos editores en 1848, pero en un solo volumen y más abreviada, ya que suprime la dedicatoria al Conde de Lemos y el prólogo de Cervantes a la segunda parte. La impresión es muy buena y los dibujos de Grandville notable. Piel; planos orlados y lomos con florones y filetes dorados; cortes también dorados Lúdovik Osterc | ||
| 500 | _aCon ex-libris : Sello de Biblioteca Callico | ||
| 500 | _aQM358 | ||
| 546 | _aTexto en : francés | ||
| 650 | 1 | 4 |
_aNovela española _yÉpoca clásica, 1500-1700 _9215 |
| 650 | 1 | 4 |
_aLiteratura española _yÉpoca clásica, 1500-1700 _9216 |
| 650 | 1 | 4 |
_aNovela española _ySiglo XVII _9217 |
| 650 | 1 | 4 |
_aDon Quijote (Personaje ficticio) _eNovela _9218 |
| 700 | 1 |
_aGranville, J.J. _d1803-1847 _qJean Ignace Isidore Gérard _eIlustrador _98481 |
|
| 740 | 0 | _aEl Ingenioso Hidalgo Don Quijote de la Mancha | |
| 902 | _aQFM | ||
| 942 |
_2lcc _cB |
||
| 999 |
_c2859 _d2859 |
||